Using Promethee Method to Compare Turkey and EU-27 Countries with Road Transport Data

Gespeichert in:
Bibliographische Detailangaben
1. Verfasser: Turan, Gökhan
Weitere Verfasser: Pekár, Juraj, 1972-, Can, Mustafa
Format: Buchkapitel
Sprache:Englisch
Schlagworte:
Tags: Tag hinzufügen
Keine Tags, Fügen Sie das erste Tag hinzu!

MARC

LEADER 00000naa$a2200000$$$4500
001 0142035
005 20240502083330.5
041 0 |a eng 
044 |a TR 
245 1 0 |a Using Promethee Method to Compare Turkey and EU-27 Countries with Road Transport Data  |c Gökhan Turan, Juraj Pekár, Mustafa Can 
500 |a Abstrakt 
610 2 0 |a porovnanie medzinárodné 
610 2 0 |a metódy ekonomicko-matematické 
610 2 0 |a Turecko 
610 2 0 |a Európska únia 
100 1 |a Turan, Gökhan 
700 1 |a Pekár, Juraj, 1972- 
700 1 |a Can, Mustafa